Growth, the Celtic cancer : why the global economy damages our health and society / (Record no. 3099)

000 -LEADER
fixed length control field 01175cam a22003497a 4500
001 - CONTROL NUMBER
control field 13994207
003 - CONTROL NUMBER IDENTIFIER
control field OSt
005 - DATE AND TIME OF LATEST TRANSACTION
control field 20160901134611.0
008 - FIXED-LENGTH DATA ELEMENTS--GENERAL INFORMATION
fixed length control field 041118s2004 ie a b 000 0 eng d
010 ## - LIBRARY OF CONGRESS CONTROL NUMBER
LC control number 2005415147
020 ## - INTERNATIONAL STANDARD BOOK NUMBER
International Standard Book Number 1843510626 (pbk.)
035 ## - SYSTEM CONTROL NUMBER
System control number (OCoLC)ocm56991522
040 ## - CATALOGING SOURCE
Original cataloging agency IEKBA
Transcribing agency IEKBA
Modifying agency OCLCQ
-- DLC
042 ## - AUTHENTICATION CODE
Authentication code lccopycat
043 ## - GEOGRAPHIC AREA CODE
Geographic area code e-ie---
050 00 - LIBRARY OF CONGRESS CALL NUMBER
Classification number HD82.D68 2004
100 ## - MAIN ENTRY--PERSONAL NAME
Personal name Douthwaite, Richard
245 00 - TITLE STATEMENT
Title Growth, the Celtic cancer : why the global economy damages our health and society /
Statement of responsibility, etc edited by Richard Douthwaite and John Jopling.
260 ## - PUBLICATION, DISTRIBUTION, ETC. (IMPRINT)
Place of publication, distribution, etc Dublin :
Name of publisher, distributor, etc Feasta,
Date of publication, distribution, etc c2004.
300 ## - PHYSICAL DESCRIPTION
Extent 208 p. :
Other physical details ill. ;
Dimensions 24 cm.
500 ## - GENERAL NOTE
General note "Feasta review , no. 2."
504 ## - BIBLIOGRAPHY, ETC. NOTE
Bibliography, etc Includes bibliographical references.
650 #0 - SUBJECT ADDED ENTRY--TOPICAL TERM
Topical term or geographic name as entry element Economic development
General subdivision Social aspects.
650 #0 - SUBJECT ADDED ENTRY--TOPICAL TERM
Topical term or geographic name as entry element Economic development
General subdivision Environmental aspects.
651 #0 - SUBJECT ADDED ENTRY--GEOGRAPHIC NAME
Geographic name Ireland
General subdivision Economic policy.
700 1# - ADDED ENTRY--PERSONAL NAME
Personal name Douthwaite, R. J.
700 1# - ADDED ENTRY--PERSONAL NAME
Personal name Jopling, John.
730 0# - ADDED ENTRY--UNIFORM TITLE
Uniform title Feasta review.
906 ## - LOCAL DATA ELEMENT F, LDF (RLIN)
a 7
b cbc
c copycat
d 3
e ncip
f 20
g y-gencatlg
942 ## - ADDED ENTRY ELEMENTS (KOHA)
Source of classification or shelving scheme
Koha item type Book
Holdings
Withdrawn status Lost status Source of classification or shelving scheme Damaged status Not for loan Home library Current library Shelving location Date acquired Total Checkouts Full call number Barcode Date last seen Copy number Price effective from Koha item type
          Riara University Library Riara University Library General stack 01/09/2016   HD82.D68 2004 7077/16 18/10/2016 C.1 01/09/2016 Book

Riara University Library,
P.O. Box 49940-00100,
Nairobi, Kenya.